| 000 | 01371nam a2200385 i 4500 | ||
|---|---|---|---|
| 001 | 193293 | ||
| 003 | SpMaBN | ||
| 005 | 20250728110333.0 | ||
| 007 | ta | ||
| 008 | 191223s2019 sp | |||| 000 dspa | ||
| 017 |
_aM 18959-2019 _bOficina Depósito Legal Madrid |
||
| 020 | _a9788417867089 | ||
| 035 | _a(OCoLC)1135235687 | ||
| 035 | _aa6633844 | ||
| 040 |
_aSpMaBN _bspa _cSpMaBN _erda |
||
| 080 | _a305-055.2:2 | ||
| 080 | _a305-055.2-058.68 | ||
| 100 | 1 |
_aAradillas, Antonio, _d1928- _eaut _4aut _922156 |
|
| 245 | 1 | 0 |
_aHistorias íntimas de una mujer maltratada / _cAntonio Aradillas |
| 250 | _aPrimera edición: mayo, 2019 | ||
| 264 | 1 |
_aMadrid : _cACCI, Asociación Cultural y Científica Iberamericana, _c2019 |
|
| 300 |
_a295 páginas ; _c21 cm |
||
| 336 |
_aTexto _2rdacontent |
||
| 337 |
_asin mediación _2rdamedia |
||
| 338 |
_avolumen _2rdacarrier |
||
| 500 | _aÍndice | ||
| 650 | 7 |
_aMujeres maltratadas _2embne _9234423 |
|
| 650 | 7 |
_aMujeres y religión _2embne _915350 |
|
| 852 |
_aES-MaACL _bR. 154793 _cDEPOJ _hDonación: Editorial _9200732 _jN-9471 _xEncuadernación rústica con solapas |
||
| 942 |
_n0 _cMONOGRAFIA |
||
| 999 |
_c193293 _d193293 |
||